000 01929cam a2200301 4500500
005 20251228051344.0
041 _afre
042 _adc
100 1 0 _aDubreil, Jean-Malo
_eauthor
700 1 0 _aFabre, Émilien
_eauthor
245 0 0 _aLes écueils du contrat de poids
260 _c2022.
500 _a75
520 _aLes mutations des liens sociaux se caractérisent par une perte d’influence des figures d’autorité engendrant une modification des symptômes et un rapport plus marqué aux addictions avec ou sans substances. Considérée comme addiction comportementale, l’anorexie mentale nécessite, aujourd’hui comme hier, le recours à des hospitalisations. De nos jours, des contrats de poids sont proposés. Sur quoi repose ce principe thérapeutique ? Quels en sont les impasses et les liens avec la modernité ? Voici quelques questions auxquelles certains membres d’une équipe de soignants ont tenté de répondre.
520 _aChanges in social ties are characterized by a loss of influence of authority figures causing a change in symptoms and a more marked relationship to addictions with or without substances. Anorexia nervosa is considered as a behavioral addiction and requires the use of hospitalizations. Nowadays, weights contracts are proposed. What is this therapeutic principal based on? What are the dead ends and the links with modernity? These are questions that some members of a healthcare team have tried to answer.
690 _aaddiction
690 _aAnorexie mentale
690 _aautorité
690 _acontrat de poids
690 _asurmoi
690 _aaddiction
690 _aAnorexia nervosa
690 _aauthority
690 _asuperego
690 _aweight contract
786 0 _nCliniques | 23 | 1 | 2022-03-21 | p. 154-168 | 2115-8177
856 4 1 _uhttps://shs.cairn.info/revue-cliniques-2022-1-page-154?lang=fr&redirect-ssocas=7080
999 _c1581776
_d1581776